Statistics for Name that Sea by Satellite Image

Click here to take the quiz!

General Stats

  • This quiz has been taken 142 times
  • The average score is 8 of 12

Answer Stats

HintAnswer% Correct
HTML tutorial Red Sea
93%
HTML tutorial Caribbean Sea
92%
HTML tutorial Arabian Sea
88%
HTML tutorial Aegean Sea
88%
HTML tutorial North Sea
88%
HTML tutorial Adriatic Sea
88%
HTML tutorial Bering Sea
70%
HTML tutorial Tasman Sea
57%
HTML tutorial Irish Sea
37%
HTML tutorial Sea of Azov
25%
HTML tutorial Sea of Okhotsk
23%
HTML tutorial Yellow Sea
15%

Score Distribution

Percentile by Number Answered

Percent of People with Each Score

Your Score History

You have not taken this quiz